[Event "WchT 3rd"]
[Site "Luzern"]
[Date "1993.??.??"]
[Round "8.4"]
[White "Costa, Jean Luc"]
[Black "Tukmakov, Vladimir B"]
[Result "0-1"]
[WhiteElo "2425"]
[BlackElo "2600"]
[Annotator "Ftacnik,L"]
[PlyCount "58"]
[EventDate "1993.10.24"]
[EventType "team-tourn"]
[EventRounds "9"]
[EventCountry "SUI"]
[SourceTitle "CBM 038"]
[Source "ChessBase"]
[SourceDate "1994.02.01"]
[SourceVersion "1"]
[SourceVersionDate "1994.02.01"]
[SourceQuality "1"]
[WhiteTeam "Switzerland"]
[BlackTeam "Ukraine"]
[WhiteTeamCountry "SUI"]
[BlackTeamCountry "UKR"]

1. d4 Nf6 2. c4 g6 3. Nc3 d5 4. Bg5 Ne4 5. Bh4 Nxc3 6. bxc3 dxc4 7. e3 Be6 8.
Rb1 b6 9. Nf3 Bg7 10. Nd2 O-O 11. Qf3 (11. Bxc4 $6 Bxc4 12. Nxc4 Qd5 13. Qf3
Qxc4 $1 14. Qxa8 Nc6 15. Qb7 Qxc3+ 16. Ke2 (16. Kd1 Nxd4 $17) 16... Qc2+ 17.
Kf3 Nxd4+ 18. exd4 Qd3+ 19. Kf4 Bh6+ 20. Bg5 Qf5+ $17) (11. Nxc4 c5 12. Be2 Nc6
13. O-O $13) 11... Bd5 12. e4 Bb7 13. Bxc4 c5 14. d5 (14. dxc5 $6 Nd7 15. cxb6
Ne5 (15... axb6 16. O-O (16. Bb3 Ne5 17. Qe3 Nd3+ $40) 16... Ne5 17. Qe2 Nxc4
18. Nxc4 Ba6) 16. Qe3 axb6 17. Rxb6 Ng4 18. Qc5 Bxc3 19. Bd5 Bxd5 20. exd5
Bxd2+ 21. Kxd2 Rxa2+ $40) 14... Nd7 15. Qe3 (15. O-O Ne5 16. Qe3 Nxc4 17. Nxc4
Ba6 18. Qd3 Qd7 {/\ Qa4}) 15... Ne5 16. Be2 f5 $1 17. f4 (17. O-O $2 f4 18. Qh3
Bc8 19. g4 f3 20. Bxf3 Rxf3 21. Nxf3 Bxg4 $19) 17... Ng4 (17... Nf7 18. exf5 {
xe7}) 18. Bxg4 fxg4 19. O-O Ba6 20. Rfe1 (20. Rf2 Qd7 21. Qg3 Rae8 $13) 20...
Qd7 21. Rbd1 Rae8 22. Kh1 Qa4 $1 23. Qg3 (23. Ra1 e5 24. dxe6 Rxe6 $132) 23...
Qxa2 24. Qxg4 Bxc3 25. Qe6+ Kg7 (25... Rf7 26. Nf3 Bxe1 27. Ne5 Ref8 28. Nxf7
Rxf7 (28... Bxh4 $2 29. Ng5+ Kh8 30. Qxe7 $18) 29. Rxe1 $13) 26. Nf3 (26. Bxe7
$5 Bxd2 (26... Rf7 27. Bf6+ Rxf6 28. Qxe8 Bxd2 29. Qe7+ Rf7 30. Qe5+ $13) (
26... Rxf4 27. Qd7 Bb5 28. Bf6+ Kxf6 29. Qxb5 $13) 27. Bxf8+ Rxf8 28. Qe5+ Kg8
29. Qe6+ Rf7 30. Qe8+ Kg7 31. Qe5+ $13) 26... Be2 27. Bxe7 Rxf4 28. Rxe2 (28.
Bf6+ Rxf6 29. Qxe8 Rxf3 $1) (28. Rc1 Rxf3 (28... Bxf3 29. gxf3 Bxe1 30. Rxe1
Qf2 $19) 29. Rxc3 Bf1) 28... Qxe2 29. Rg1 Rxe4 0-1

[Event "Esbjerg North Sea Cup-07"]
[Site "Esbjerg"]
[Date "1982.07.??"]
[Round "6"]
[White "Hoi, Carsten"]
[Black "Ftacnik, Lubomir"]
[Result "0-1"]
[WhiteElo "2425"]
[BlackElo "2560"]
[Annotator "Gagarin,V"]
[PlyCount "58"]
[EventDate "1982.07.??"]
[EventType "tourn"]
[EventRounds "11"]
[EventCountry "DEN"]
[EventCategory "8"]
[SourceTitle "MCL"]
[Source "ChessBase"]
[SourceDate "1999.07.01"]
[SourceVersion "1"]
[SourceVersionDate "1999.07.01"]
[SourceQuality "1"]

1. d4 Nf6 2. c4 g6 3. Nc3 d5 4. Bg5 Ne4 5. Bh4 Nxc3 6. bxc3 c5 7. cxd5 Qxd5 8.
e3 Nc6 (8... cxd4 9. Qxd4 Qxd4 10. cxd4 e6 $10) (8... Bg7 9. Qf3 (9. Nf3 $10 {
- D91}) 9... Qd8 (9... Qd7 10. Bc4 O-O 11. Ne2 cxd4 12. exd4 Nc6 $13) 10. Bb5+
Nd7 11. Ne2 cxd4 12. exd4 O-O $10) 9. Qf3 Be6 $2 (9... Qxf3 10. Nxf3 cxd4 11.
cxd4 e6 12. Bb5 Bd7 13. Bf6 Rg8 14. Rb1 $14) 10. Qxd5 $2 (10. e4 $1 Qd8 11. d5
Nd4 12. Qd3 (12. cxd4 $5 Qa5+ 13. Ke2 Bh6 14. Qd3 Bd7 15. a4 $13 {Votruba})
12... Qa5 13. Ne2 $1 (13. dxe6 $2 O-O-O $1 14. exf7 (14. Rd1 $2 Bg7 15. Bxe7
Nxe6 16. Bxd8 Rxd8 17. Qc2 Qxc3+ $1 $19 {Tichy,V-Votruba,P/CSR/1979/0:1/30/})
14... Bh6 15. Be2 $1 Nxe2 16. Qh3+ {Krnic}) 13... Nxe2 14. Bxe2 Bd7 15. O-O $16
{Beliavsky}) 10... Bxd5 11. Nf3 (11. c4 Be4 (11... Be6 12. d5 Nb4 13. O-O-O Bf5
14. a3 a5 15. f3 Bh6 16. Kd2 Nc2 17. Bf2 Nxa3 18. g4 Bd7 19. Ra1 $16 {
Annageldiev,O-Sideif Sade,F/Simferopol/1989/1:0/38/}) 12. f3 Bf5 13. g4 Bc8 14.
d5 Nb4 $15 {Votruba}) 11... Bg7 12. Be2 (12. Bg3 O-O 13. Be2 cxd4 14. cxd4 Nb4
15. O-O Bxa2 $17) 12... cxd4 13. cxd4 e5 14. dxe5 (14. O-O exd4 15. exd4 (15.
Nxd4 Nxd4 16. exd4 O-O $17) 15... O-O $17) 14... Nxe5 15. Rb1 Bxa2 16. Rxb7 O-O
17. Nxe5 (17. Nd4 Bd5 $17) 17... Bxe5 18. O-O a5 $17 19. f4 Bg7 20. Bf3 a4 21.
Rc7 Ra5 22. Be1 Ra6 23. Be2 (23. Bc3 a3 24. Bxg7 Kxg7 25. Ra1 Be6 26. Be2 Ra4
$17) 23... Raa8 24. Bf3 (24. Bc3 Rfc8 25. Rxc8+ Rxc8 26. Bxg7 Kxg7 27. Ra1 Bb3
$17) (24. Bc4 Bxc4 25. Rxc4 a3 26. Bc3 a2 27. Bxg7 Kxg7 28. Ra1 Rfb8 29. Rcc1
Rb2 $19) 24... Rfc8 $1 $19 25. Rd7 (25. Rxc8+ Rxc8 26. Bb4 Bb2 $19) 25... Be6
26. Re7 (26. Bxa8 Bxd7 27. Bd5 Bb5 28. Rf2 Rc1 $19) 26... Bf6 27. Rxe6 (27.
Bxa8 Bxe7 28. Bf3 a3 $19) 27... fxe6 28. Bxa8 Rxa8 29. Rf2 (29. e4 Bd4+ 30. Bf2
Bb2 $19) 29... Rb8 (29... Rb8 30. Kf1 (30. Ra2 Rb1 31. Kf2 Rb2+ $19) 30... Rb2
31. e4 Rxf2+ 32. Bxf2 Bb2 $19) 0-1

[Event "ESP-chT Honor Gp2 49th"]
[Site "Sant Lluis"]
[Date "2005.09.04"]
[Round "5"]
[White "Gurevich, Mikhail"]
[Black "Sasikiran, Krishnan"]
[Result "1/2-1/2"]
[WhiteElo "2669"]
[BlackElo "2652"]
[Annotator "Gurevich,M"]
[PlyCount "48"]
[EventDate "2005.08.31"]
[EventType "team"]
[EventRounds "5"]
[EventCountry "ESP"]
[SourceTitle "CBM 109"]
[Source "ChessBase"]
[SourceDate "2005.11.14"]
[SourceVersion "1"]
[SourceVersionDate "2005.11.14"]
[SourceQuality "1"]

1. d4 Nf6 2. c4 g6 3. Nc3 d5 4. Bg5 Ne4 5. Bh4 Nxc3 6. bxc3 Bg7 7. cxd5 Qxd5 8.
e3 c5 9. Qf3 Qd6 $5 10. Bc4 {TN} (10. Bb5+ Nd7 11. Ne2 cxd4 12. exd4 O-O 13.
O-O e5 $5 {TN} 14. Rad1 exd4 15. cxd4 Nf6 16. Bc4 Qc6 17. Qb3 Bd7 18. Rc1 Qb6
19. Qxb6 axb6 20. Nc3 Rfc8 21. Bb3 b5 22. Bxf6 Bxf6 23. Ne4 Be7 $132 {1/2-1/2
Radjabov,T-Van Wely,L/Khanty Mansyisk RUS 2005/The Week in Chess 578 (38)})
10... O-O 11. Ne2 cxd4 12. exd4 Nc6 13. O-O e5 14. Rad1 exd4 (14... Bf5 15. Ng3
$36) 15. cxd4 (15. Nxd4 Ne5 16. Qd5 Nxc4 17. Qxc4 Be6 $5 18. Nxe6 Qxe6 19. Qxe6
fxe6 20. Rd7 Rf7 21. Rfd1 Rxd7 22. Rxd7 Rc8 $11) 15... Be6 (15... Bf5 $5 {
(/\16...Rae8<=>)} 16. g4 Bd7 (16... Bc2 17. Rd2 Ne5 18. Qxb7 Nxc4 19. Rxc2 Qe6
20. Qf3 $14) 17. Bg3 Qf6 18. Qxf6 Bxf6 19. h3 Rac8 $132) 16. Bg3 (16. d5 Ne5
17. Qf4 Nxc4 (17... Bf5 18. Bb3) 18. Qxd6 Nxd6 19. dxe6 Nf5 20. exf7+ Rxf7 21.
Bg5 Re8 22. Rfe1 h6 $132) 16... Qb4 $8 17. Bxe6 fxe6 18. Qe3 Qc4 (18... Rae8 $5
19. Rb1 Qe7 20. Rfd1 Rf5 $13) 19. Rd2 $5 {[/\20.Rb1,20.Rc1]} Rfe8 20. Rb1 $5 b6
(20... Qa6 21. Rdb2 Na5 22. Qe4 $36) 21. Rc1 Qd5 22. Nf4 Qd7 (22... Qf5 23. h3
e5 24. Qb3+ (24. Rxc6 exf4 25. Qxf4 Re1+ 26. Kh2 Qb1 $132) 24... Kh8 25. dxe5
Nxe5 26. Rc7 $36) 23. d5 (23. Nd3 $5 {(/\24.Ne5)} Bxd4 (23... Nxd4 24. Ne5 Rac8
25. Rcd1 $18) 24. Qe4 Rac8 25. Rdc2 Ne7 26. Rc7 $44) 23... exd5 24. Rxd5 Qf7 (
24... Qf7 25. Qd2 Ne5 26. f3 Bh6 27. Rc2 $14) 1/2-1/2

[Event "Capablanca Memorial Elite 34th"]
[Site "Havana"]
[Date "1999.05.15"]
[Round "8"]
[White "Arencibia Rodriguez, Walter"]
[Black "Bruzon Batista, Lazaro"]
[Result "1/2-1/2"]
[WhiteElo "2520"]
[BlackElo "2488"]
[Annotator "Hecht,H"]
[PlyCount "114"]
[EventDate "1999.05.??"]
[EventType "tourn"]
[EventRounds "13"]
[EventCountry "CUB"]
[EventCategory "12"]
[SourceTitle "CBM 071"]
[Source "ChessBase"]
[SourceDate "1999.08.01"]
[SourceVersion "1"]
[SourceVersionDate "1999.08.01"]
[SourceQuality "1"]

1. d4 Nf6 2. c4 g6 3. Nc3 d5 4. Bg5 Ne4 5. Bf4 Nxc3 6. bxc3 Bg7 7. e3 c5 8. Nf3
O-O 9. cxd5 cxd4 10. cxd4 Qxd5 11. Be2 Qa5+ 12. Qd2 Qxd2+ 13. Kxd2 Rd8 14. Rhc1
Nc6 15. Ke1 Bf5 16. a3 Rac8 17. Bb5 Be4 18. Kf1 a6 19. Be2 Na5 20. Nd2 Bc6 21.
Ke1 Bxg2 22. Bc7 Rd5 23. Bxa5 Rxc1+ 24. Rxc1 Rxa5 25. Rc8+ Bf8 26. Nc4 Rb5 27.
Ne5 Rb1+ 28. Kd2 Bh3 29. Rb8 Rb2+ 30. Ke1 f6 31. Bc4+ Kg7 32. Nd3 Rb1+ 33. Kd2
e5 34. dxe5 fxe5 35. Bxa6 Bg2 36. a4 Bc6 37. Nxe5 Bd6 38. Nxc6 Bxb8 39. Bd3 Rb6
40. Nxb8 Rd6 41. Kc3 Rd8 42. Na6 bxa6 43. Bxa6 {[#] Nach der witzigen
Abwicklung macht Schwarz am Königsflügel genügend Bauernbeute und erhält so
genügend Spiel gegen den weißen a-Freibauern.} Rd5 44. Bc4 Rf5 45. Kb4 Rxf2 46.
a5 Kf6 47. a6 Ke5 48. Kc5 Ke4 49. a7 Rf8 50. Bd5+ Kxe3 51. Kd6 Kf4 52. Bb7 Kg5
53. Ke7 Rh8 54. a8=Q Rxa8 55. Bxa8 h5 56. Kf7 Kh6 57. Kg8 g5 (57... g5 58. h3 (
58. Be4 g4 $11 {[%cal Yh5h4,Yh4h3,Yh6g5,Yg5h4,Yg4g3]}) 58... g4 (58... h4 59.
Bf3 g4 60. Bxg4 Kg5 61. Kg7 Kf4 62. Kf6 Ke4 63. Be6 Kd4 64. Kg5 Ke5 65. Ba2 Kd6
66. Kxh4 Ke7 67. Kg5 Kf8 68. Kg6 $18) 59. h4 Kg6 60. Be4+ Kh6 (60... Kf6 61.
Kh7 Ke5 62. Bb7 g3 63. Kg6 Ke6 64. Bg2 Ke7 65. Bd5 Kd6 $11 {Der Läufer kann
die Diagonale a2-g8 nicht halten, da er zugleich Bg3 bewachen muß.}) 61. Kh8 g3
62. Kg8 g2 63. Bxg2 Kg6 64. Be4+ Kh6 $11 {[#] Analysediagramm Weiß kommt nicht
weiter, da es entweder patt wird, oder der schwarze König h8 erreicht.})
1/2-1/2

[Event "Yerevan zt 1.5"]
[Site "Yerevan"]
[Date "2000.06.14"]
[Round "8"]
[White "Erdogan, Hakan"]
[Black "Khachiyan, Melikset"]
[Result "0-1"]
[WhiteElo "2316"]
[BlackElo "2462"]
[Annotator "Hecht,H"]
[PlyCount "110"]
[EventDate "2000.06.07"]
[EventType "swiss"]
[EventRounds "9"]
[EventCountry "ARM"]
[SourceTitle "CBM 078"]
[Source "ChessBase"]
[SourceDate "2000.10.18"]
[SourceVersion "1"]
[SourceVersionDate "2000.10.18"]
[SourceQuality "1"]

1. d4 Nf6 2. c4 g6 3. Nc3 d5 4. Bg5 Ne4 5. Nxe4 dxe4 6. Qd2 Bg7 7. O-O-O c5 8.
d5 h6 9. Bf4 Nd7 10. e3 b5 11. f3 bxc4 12. Bxc4 Nb6 13. Bb5+ Bd7 14. Qe2 g5 15.
Bg3 a6 16. Bc6 Bxc6 17. dxc6 Qc8 18. c7 O-O 19. Kb1 Qe6 20. fxe4 Nc4 21. e5
Nxe5 22. Rc1 Qb6 23. Nf3 Nd3 24. Rc2 Nb4 25. Rc4 Nd5 26. Ne5 Qb5 27. a4 Nc3+
28. Kc2 Nxe2 29. axb5 Nxg3 30. hxg3 Bxe5 31. b6 Bxc7 32. bxc7 Rfc8 33. Rxc5 Ra7
34. Rxh6 Raxc7 35. Rc3 f6 36. Rh1 Rxc3+ 37. bxc3 {[#] Wegen seiner schlechten
Bauernstruktur hat Weiß Probleme. Immerhin verfügt er über einen Freibauern
und einen gut postierten König.} Rc4 38. Kd3 Rg4 39. Rh3 $6 {viel zu passiv!} (
39. Ke2 $5 a5 $1 $17 (39... Rxg3 40. Kf2 Rg4 41. Ra1 Rc4 42. Rxa6 Rxc3 {
mit guten Rettungschancen für Weiß})) ({aber} 39. c4 $1 Kf7 40. Rh8 Ke6 41. Rd8
$1 $11) 39... Kf7 40. c4 Ke6 41. c5 Ra4 (41... Kd5 $5 42. Rh7 e5 43. c6 Kxc6
44. Rh6 a5 45. Rxf6+ {läßt vieles offen.}) 42. Rh8 Kd5 43. Rc8 Ra3+ 44. Ke2 Ke4
45. Re8 $6 (45. Rd8 $5 Rxe3+ $2 (45... e5 46. Kd2 Ra5 47. c6 Rc5 48. Rd6 f5 49.
c7 Rxc7 50. Rxa6 Rc4 51. Ra2 $11) 46. Kd2 {[%cal Rc5c6]} Rb3 47. c6 Rb2+ 48.
Kc3 Rb1 49. Kd2 Rb2+ $11) 45... e5 46. Re6 f5 47. g4 fxg4 48. Kf2 a5 49. Ra6
Rxe3 50. Rxa5 g3+ $19 {wegen der Mattgefahr} 51. Kf1 Rc3 52. Ke2 (52. Ra1 Rxc5
53. Ra4+ Kd3 54. Ra3+ Rc3 55. Ra1 Kd2 56. Ra2+ Rc2 57. Ra1 Rc1+ 58. Rxc1 Kxc1
59. Ke1 g4 60. Ke2 Kc2 61. Ke3 Kd1 62. Ke4 Ke2 63. Kxe5 Kf2 $19) 52... Rc2+ 53.
Kd1 Rxg2 54. c6 Rh2 55. Ra3 Kf4 0-1

[Event "Candidates sf2"]
[Site "Linares"]
[Date "1992.??.??"]
[Round "7"]
[White "Jussupow, Artur"]
[Black "Timman, Jan H"]
[Result "1/2-1/2"]
[WhiteElo "2655"]
[BlackElo "2620"]
[Annotator "Jussupow,A"]
[PlyCount "110"]
[EventDate "1992.04.??"]
[EventType "match"]
[EventRounds "10"]
[EventCountry "ESP"]
[SourceTitle "Candidates"]
[Source "ChessBase"]
[SourceDate "1999.07.01"]
[SourceVersion "2"]
[SourceVersionDate "1999.07.01"]
[SourceQuality "1"]

1. d4 Nf6 2. c4 g6 3. Nc3 d5 4. Bg5 Ne4 5. Bf4 c6 {N} 6. e3 Bg7 $6 (6... Nxc3
7. bxc3 Qa5 $5) 7. Bd3 Nxc3 8. bxc3 Qa5 9. Ne2 dxc4 10. Bxc4 Nd7 11. O-O O-O (
11... e5 $142 12. Bg3 O-O $14) 12. e4 e5 (12... b6 {/\Ba6}) 13. Be3 exd4 (13...
Nb6 $142 $1 14. Bb3 Be6 15. Bxe6 (15. Qd3 $5) 15... fxe6 16. Qb3 Rfe8 {/\ Qa6;
Qb5} 17. f4 (17. dxe5 Qxe5 {/\ Qe4}) 17... exf4 18. Nxf4 Qb5 $132) 14. cxd4 c5
15. Rc1 cxd4 16. Bxd4 Bxd4 17. Qxd4 Qb6 18. Bb3 $1 $16 Qxd4 19. Nxd4 Ne5 20. f4
Nc6 21. Nxc6 bxc6 22. Rxc6 Bb7 23. Rc7 Bxe4 24. Re1 $18 Rae8 25. Rxa7 Kg7 26.
Kf2 (26. g4 $5) 26... h5 27. g3 Kf6 (27... Ra8 28. Rxa8 Bxa8 29. Re7 $18) 28.
h3 $4 (28. Rc7 $1 $18) 28... Ra8 $16 29. Rc7 (29. Rxa8 Bxa8 30. Rc1 {/\ Rc7} (
30. Re5 {/\ g4-g5} Rc8 31. g4 hxg4 32. hxg4 Rc7) 30... Rd8) 29... Bf5 30. h4 (
30. Ree7 Be6) (30. Rc6+ $5 Kg7 31. Re7 Rae8 $5 (31... Bxh3 32. Rcc7 $18) 32.
Rxe8 Rxe8 33. h4 $16) 30... Be6 31. Rc6 Rfc8 (31... Rfe8 $142 $5) 32. Rxc8 Rxc8
33. Bxe6 fxe6 34. a4 Ra8 (34... Rc4 35. Ra1 Rc2+ 36. Ke3 Rc3+ 37. Ke4 Rxg3 38.
a5 Rb3 39. a6 Rb4+ 40. Kd3 Rb8 41. a7 Ra8 42. Ra5 $18) 35. Ra1 $4 (35. Re4 $1
$18) 35... Ra5 36. Ke3 e5 $10 37. Ke4 (37. fxe5+ Kxe5 38. Kd3 Kd5 39. Kc3 Kc6
40. Kb4 Re5 $10) 37... exf4 38. Kxf4 Ke6 39. Ke4 (39. Re1+ Kf6 40. Re4 g5+ 41.
Ke3) 39... g5 40. hxg5 Rxg5 41. Kf3 Ra5 42. Re1+ Kf5 43. Re4 Rc5 44. Re3 Ra5
45. Ra3 Ke5 46. Ke3 Ke6 47. Ke2 Kd6 (47... h4 48. gxh4 Rh5 $10) 48. Kf2 Ke6 49.
Re3+ Kd5 50. Ra3 Ke6 51. Ke3 h4 52. g4 Kf6 53. Kf4 Kg6 54. Kf3 Kg5 55. Ra2 h3 {
Yusupov} (55... Ra8 56. a5 Rf8+ $10) 1/2-1/2

[Event "Sarajevo Bosnia 29th"]
[Site "Sarajevo"]
[Date "1999.05.17"]
[Round "1"]
[White "Bareev, Evgeny"]
[Black "Kasparov, Garry"]
[Result "1/2-1/2"]
[WhiteElo "2679"]
[BlackElo "2812"]
[Annotator "Krasenkow,M"]
[PlyCount "42"]
[EventDate "1999.05.17"]
[EventType "tourn"]
[EventRounds "9"]
[EventCountry "BIH"]
[EventCategory "19"]
[SourceTitle "CBM 071"]
[Source "ChessBase"]
[SourceDate "1999.08.01"]
[SourceVersion "1"]
[SourceVersionDate "1999.08.01"]
[SourceQuality "1"]

1. d4 Nf6 2. c4 g6 3. Nc3 d5 {When Kasparov plays the Gruenfeld defense, it
doesn't mean that he is content with a draw. He has found (and deeply analysed)
a lot of combative continuations in different lines.} 4. Bg5 Ne4 5. Bf4 {
Rather a quiet continuation but a formidible weapon in the hands of GMs Bareev
and Zvjagintsev. By comparison with the 5.Bh4 line, the f4 bishop pressurises
the queen's side and controls the e5 point, preventing ...e7-e5.} Nxc3 6. bxc3
Bg7 7. e3 O-O 8. Nf3 c5 9. cxd5 cxd4 10. cxd4 Qxd5 11. Be2 Nc6 (11... b6) (
11... Qa5+) 12. O-O Bf5 (12... Bd7 {is also possible:} 13. Qb1 (13. Qb3 $5)
13... b6 14. Rc1 Rad8 15. Qb3 Qa5 16. Rab1 e5 17. Bg5 Rc8 18. d5 e4 19. Ne1 Ne5
20. Be7 Rfe8 21. Bb4 Qa4 22. f4 exf3 23. gxf3 f5 24. Kf2 Bf8 25. Qxa4 Bxa4 26.
a3 Nf7 {1/2-1/2 Olafsson,H-Hellers,F/Nordic zt 1992}) 13. Qa4 (13. Nh4 $5 {
,putting the knight at the edge, is a bit risky.} Be6 (13... Rad8 $6 14. Nxf5
Qxf5 15. Bc7 Ra8 16. Rb1 Qc8 17. Bg3 e5 18. d5 Rd8 19. Bh4 f6 20. Bg4 Qc7 21.
Qc2 {1-0 Zvjaginsev,V-Kosebay,O/EUCup G6 1997}) (13... Bc8 $5) 14. Bf3 Qd8 15.
d5 (15. Rb1 Bc4 16. Rxb7 (16. Re1 Qd7 (16... e5 17. Bg3 exd4 18. Rxb7 Rc8 19.
Qa4 Bd5 $13)) 16... Bxf1 17. Qxf1 (17. Bxc6 e5 18. Rd7 Qc8 19. Rd6 Rb8) 17...
Rc8 $13) 15... Bxa1 16. dxc6 (16. Qxa1 Bxd5 17. Rd1 e5 $1) 16... Bf6 17. cxb7
Rb8 18. Qxd8 (18. Bxb8 Qxb8 19. g3 Bc4 20. Re1 Bc3) 18... Rbxd8 19. Rd1 Rxd1+
20. Bxd1 Bxh4 21. a4 $11) (13. Qb3 $5 {is interesting. After the queen
exchange White's small advantage consists of his strong pawn centre and the
passivity of Black's g7 bishop.} Qxb3 14. axb3 Rfc8 (14... Nb4 15. Rfc1 Nc2 16.
Ra2 Rfc8 17. Ne5) 15. Rfc1 h6 16. h3 a6 17. g4 Bd7 18. Bg3 b5 $6 (18... Nb4 19.
Ne5 Rxc1+ 20. Rxc1 Rc8) 19. Nd2 Nb4 20. Ne4 Bc6 21. Nc5 Bf8 22. f3 e6 23. Be1
Bxc5 24. Rxc5 Nd5 25. Bd2 {1-0 Varga,P-Peredy,F/HUN-chT 1994 (34)}) 13... Qa5 {
With the white pawn on a2 the queen exchange is not dangerous for Black as the
a7 pawn is not hanging and his knight has a perfect a5 square (protecting the
b7 pawn and controlling the c4 square).} (13... Rac8 $5 14. Rfc1 (14. Rac1 $1
Qa5 $1) 14... a6 (14... Qa5) 15. h3 (15. Rc5 Qxc5 16. dxc5 Bxa1) 15... Rfe8 16.
Ng5 Qd7 17. Bc4 (17. g4 $2 Nxd4) (17. Qb3 e5) 17... e6 18. g4 Bxg4 19. hxg4 b5
20. Bxe6 (20. Qxa6 bxc4 21. Rxc4 e5) 20... fxe6 21. Qd1 Na5 22. Qf3 Nc4 {
1/2-1/2 Guseinov,A-Sideif Sade,F/Teheran op 1991 (32)}) 14. Qb3 (14. Qxa5 Nxa5
15. Rfc1 $11) 14... Qb4 {Black doesn't want to take on b3 immediately but at
an appropriate moment.} 15. Rfc1 {[%csl Ra1]} (15. Rac1 $5 {so that the a1
rook be not hanging in some variations.}) 15... Rac8 (15... Rfc8 $4 16. Rxc6
$18) 16. Bb5 $146 {threatening 17.Bxc6} (16. h3 $6 a6 {/\ 17... Qb3 18. ab3
Nb4=/+} 17. Qd1 (17. Rc5 $2 Qxb3 18. axb3 Nxd4 $1 $19) 17... Rfd8 18. g4 $2 (
18. Qf1 $15 {Huzman}) 18... Be4 19. Nd2 $2 (19. Qe1 $17) 19... e5 $1 20. Bg5
exd4 $3 21. Rc4 Qb2 22. Rac1 dxe3 23. Bxe3 Bd5 24. R4c2 Qe5 25. Qf1 Qf6 26. Bc4
Nb4 27. Rc3 Nxa2 {0-1 Van der Sterren,P-Huzman,A/Wijk aan Zee (open) 1993})
16... Be6 $8 17. Qd3 Qa5 18. a3 Bd5 {/\19...Bxf3 20.gxf3 e5 xRa1} 19. Rab1 Ba2
({After} 19... Bxf3 20. gxf3 e5 21. dxe5 (21. Bxc6 Rxc6 22. Rxc6 bxc6 23. dxe5
Bxe5 24. Bxe5 Qxe5 25. f4 (25. Rb7 Qg5+) 25... Qe6) 21... Nxe5 22. Bxe5 Bxe5
$11 {a draw is not far away either. Kasparov decides to force it at once.}) 20.
Ra1 Bd5 21. Rab1 Ba2 1/2-1/2

[Event "North Sea Cup 18th"]
[Site "Esbjerg"]
[Date "2003.07.09"]
[Round "6"]
[White "Hansen, Curt"]
[Black "Krasenkow, Michal"]
[Result "1-0"]
[WhiteElo "2610"]
[BlackElo "2609"]
[Annotator "Krasenkow,M"]
[PlyCount "43"]
[EventDate "2003.06.04"]
[EventType "tourn"]
[EventRounds "9"]
[EventCountry "DEN"]
[EventCategory "15"]
[SourceTitle "CBM 096"]
[Source "ChessBase"]
[SourceDate "2003.09.25"]
[SourceVersion "1"]
[SourceVersionDate "2003.09.25"]
[SourceQuality "1"]

1. d4 Nf6 2. c4 g6 3. Nc3 d5 4. Bg5 Ne4 5. Bh4 c5 6. e3 Qa5 7. Qb3 cxd4 8. exd4
Bh6 {An old, well-forgotten line, in which Black obtains good counterplay...
unless he is too co-operative!} 9. Rd1 (9. Nf3 $2 g5 10. Bg3 g4 11. Ne5 Bd2+)
9... dxc4 $6 {Black decides to help White's development as much as he can.
Meanwhile, he has several good ways of play:} (9... O-O 10. cxd5 (10. Qb5 Qxb5
11. Nxb5 Na6 12. cxd5 Bd7 13. Nc3 Nxc3 $1 14. bxc3 Rac8 15. Nf3 Rxc3 16. Ne5
Ba4 $13 {0-1 Kozma,J-Tukmakov,V/Leipzig 1975/MCL/[Bulletin] (30)}) 10... Bd7
11. Bd3 Nxc3 12. bxc3 Na6 (12... Ba4 13. Qa3 Qxd5 14. Qxa4 Qxg2 15. Ke2 Qxh1
16. Nf3 Qg2 17. Bf5 $1 e6 18. Be4 e5 19. Bxb7 $16 {1-0 Forintos,G-Sigurjonsson,
G/Reykjavik 1974/EXT 99 (30)}) (12... e6 13. Ne2 Qxd5 14. O-O Bc6 15. Qxd5 Bxd5
16. c4 Bc6 $11 {0-1 Sorin,A-Hoffman,A/La Falda 1984/EXT 99 (73)}) 13. Ne2 Nc7
14. Bxe7 Rfe8 15. Bb4 Qxd5 16. O-O Bc6 17. Qxd5 Nxd5 $132 {1/2-1/2 Donner,
J-Garcia Gonzales,G/Cienfuegos 1973/EXT 99 (32)}) (9... Nxc3 10. bxc3 Be6 11.
Nf3 (11. cxd5 Qxd5 12. Qxd5 Bxd5 13. c4 Be4 14. Ne2 Bc2 15. Ra1 Nc6 16. f4 Bd3
17. d5 Nb4 $36 {0-1 Zaid,L-Mikhalchishin,A/Lvov 1974/EXT 2001 (32)}) 11... O-O
12. Be2 (12. c5 b6 $5 $132) 12... dxc4 13. Bxc4 Bxc4 (13... Rc8 $5 14. d5 Bd7
15. O-O (15. d6 $2 Ba4 16. Bxf7+ Kg7 17. Qd5 Qxc3+ 18. Ke2 Rc5 {0-1 Perez
Garcia,H-Fette,M/Groningen 1989/EXT 98 (18)}) 15... b5 16. Ne5 $6 (16. Bd3 Rxc3
17. Qb1 $13) 16... bxc4 17. Qb7 Qc7 18. Qxa8 Qxe5 $15 {0-1
Hesselbarth-Schlachetka/corr 1983/Inf 37 (40)}) 14. Qxc4 Nd7 15. O-O e6 16. Qb3
Qa6 17. Ne5 Nxe5 18. dxe5 Rac8 19. Rd7 b6 20. Rfd1 Bf4 21. Be7 Rfe8 $11 {
0-1 Lerner,K-Mikhalchishin,A/Palma de Mallorca (GMA) 1989/Inf 48/
[Mikhalchishin] (61)}) 10. Bxc4 Nd6 11. Nf3 $1 {Of course, White doesn't care
of his bishop. Development is more important!} Nc6 $4 {And Black is very
friendly! This knight goes directly to the hell! There has been only one other
game with this line, in which Black did much better:} (11... O-O 12. O-O Qc7 (
12... Nf5 $142 13. Rfe1 $14) 13. Bd3 $6 (13. Ne5 $1 $16 Nxc4 $140 14. Nd5)
13... Be6 14. Qa3 Re8 15. Rfe1 Na6 16. Bg3 Qb6 17. Bxd6 exd6 18. Ne4 Bg7 19.
Qxd6 Qxb2 20. Rd2 Qb6 $14 {0-1 Gorchakov,A-Gulko,B/Kiev 1973/EXT 2001 (63).})
12. d5 Nb4 13. O-O {[%csl Rb4,Re8]} Bf5 {This "development" is only temporary.
Black can't castle and his pieces are placed horribly.} 14. Nd4 {Now it is
difficult to find a sensible move for Black.} Qc5 (14... Rc8 15. Rfe1 Rxc4 16.
Bxe7 $18) 15. Be2 {Simple and strong but White could have won in a "brilliant"
way:} (15. Rfe1 Qxc4 16. Qxc4 Nxc4 17. Bxe7 (17. Nxf5 $143 gxf5 18. Bxe7 Nc2
19. Re2 Kd7) 17... Nd3 18. Bf6+ Nxe1 19. Rxe1+ Kd7 20. Re7+ Kd6 (20... Kd8 21.
Nc6+ $1 Kc8 22. Bxh8 bxc6 23. Re8+ $18) 21. Ndb5+ Kc5 22. Rc7+ Kb4 (22... Kb6
23. Rxc4 {with a quick mate.}) 23. Be7+ Ka5 24. Rxc4 Rac8 25. Bc5 $18) 15...
Bg7 (15... Bd7 16. a3 Na6 17. Bxa6 bxa6 18. Rfe1 $18) 16. Ncb5 (16. a3 $5 Na6 (
16... Bxd4 17. axb4 Qb6 18. Na4 $18) 17. Nxf5 Nxf5 18. Qxb7 O-O 19. Bxe7 Qxe7
20. Qxa6 {was quite strong, too.}) 16... Nxb5 (16... Bxd4 17. Rxd4 a5 18. Qe3
$1 $18) 17. Bxb5+ Kf8 18. Rfe1 {Starting a final hunt on the black king.} e5
19. Nxf5 gxf5 20. d6 $1 e4 21. d7 Bd4 22. Qc4 1-0